Array signal processing (Record no. 9263)

MARC details
000 -LEADER
fixed length control field 00726nam a2200241Ia 4500
003 - CONTROL NUMBER IDENTIFIER
control field IN-BaIIA
008 - FIXED-LENGTH DATA ELEMENTS--GENERAL INFORMATION
fixed length control field 211028s9999 xx 000 0 eng d
020 ## - INTERNATIONAL STANDARD BOOK NUMBER
International Standard Book Number 0-13-046482-1
040 ## - CATALOGING SOURCE
Transcribing agency IIA Library
080 ## - UNIVERSAL DECIMAL CLASSIFICATION NUMBER
Universal Decimal Classification number 621.391
Item number ARR
100 ## - MAIN ENTRY--PERSONAL NAME
Personal name Haykin, S.
9 (RLIN) 15573
245 #0 - TITLE STATEMENT
Title Array signal processing
Statement of responsibility, etc. S. Haykin…[et al.]
260 ## - PUBLICATION, DISTRIBUTION, ETC.
Place of publication, distribution, etc. New Jersy
Name of publisher, distributor, etc. Prentice-Hall
Date of publication, distribution, etc. 1985
300 ## - PHYSICAL DESCRIPTION
Extent ix, 433p.
490 ## - SERIES STATEMENT
Series statement Prentice-Hall signal processing series
650 ## - SUBJECT ADDED ENTRY--TOPICAL TERM
Topical term or geographic name entry element NASA thesaurus
650 ## - SUBJECT ADDED ENTRY--TOPICAL TERM
Topical term or geographic name entry element Signal processing
9 (RLIN) 3537
700 ## - ADDED ENTRY--PERSONAL NAME
Personal name Justice, J. H.
9 (RLIN) 15574
700 ## - ADDED ENTRY--PERSONAL NAME
Personal name Kak, A. C. ed.
9 (RLIN) 15575
700 ## - ADDED ENTRY--PERSONAL NAME
Personal name Owsley, N. L.
9 (RLIN) 15576
700 ## - ADDED ENTRY--PERSONAL NAME
Personal name Yen, J. L.
9 (RLIN) 15577
942 ## - ADDED ENTRY ELEMENTS (KOHA)
Koha item type Books
Holdings
Withdrawn status Lost status Damaged status Not for loan Home library Current library Shelving location Date acquired Total Checkouts Full call number Barcode Date last seen Price effective from Koha item type
        IIA Library-Bangalore IIA Library-Bangalore General Stacks     621.391/ ARR 10170 05/11/2021   Books

Powered by Koha